1791 1749 1661 1120 1811 1234 1613 1855 1641 1680 1877 1240 1701 1932 1248 1917 1138 1405 1941 1646 1961 1415 1060 1849 1549 1197 1964 1949 1428 1984 1096 1716 1566 1033 1646 1256 1560 1179 1941 1321 1556 1915 1958 1184 1743 1061 1069 1074 1898 1141 1788 1150 1069 1969 1357 1499 1809 1434 1277 1151 1788 1861 1990 1492 1043 1431 1030 1178 1911 1109 1437 1180 1022 1012 1233 1320 1377 1877 1116 1254 1001 1991 1266 1131 1316 1443 1849 1999 1238 1172 1175 1492 1674 1919 1738 1949 1858 1771 1107 BCNSPRNW ULIB Ver.6.0+V

เปลี่ยนเป็นภาษาไทย

Change to English
 แสดงรายละเอียดบรรณานุกรม
  กลับหน้าหลัก

Brief Record : Get Marc (ISO 2709) : E-mail record : QR code < ปิดหน้าต่าง
LEADER : 00000nam 2200000uu 4500
001    13399120088
003     ULIB
008    120830sมปป.||||th 000 0 tha d
020    ^a9786167123370
090    ^aนว.^bภ121ส
100    ^aภคิน
245    ^aสูตรหวาน จานรัก/^cภคิน
260    ^aกรุงเทพฯ :^bกรีนมายด์,^cม.ป.ป.
300    ^a359 หน้า
945    ^p0^l0^i17070
995    ^aทศพร
999    ^aทศพร เกษรทอง
รายการนี้ยังไม่มีแท็ก
คุณยังไม่ได้ล็อกอิน คุณสามารถมีกิจกรรมร่วมกับเว็บไซต์ได้ แต่ต้องล็อกอินก่อน ::
  ล็อกอิน

รายการสื่อสารสนเทศ

ลำดับที่ ประเภท เลขเรียก/บาร์โค้ด สถานที่ สถานะ
1. นวนิยาย
นวนิยาย
นว. ภ121ส ฉ.1 
  Barcode: 17070
ห้องสมุดวิทยาเขตสวรรค์ประชารักษ์
►นวนิยาย
บนชั้น
  ขอยืม

รายการใกล้เคียง
    ผู้แต่ง [ภคิน]

BibComment


ยังไม่เคยถูกคอมเมนท์

คอมเมนท์ทรัพยากรรายการนี้
  คอมเมนท์: สูตรหวาน จานรัก ..


 Copyright 2026. Bcnsprnw @Library